00000000nam 2200000za 4500
0019.669694
003CaOODSP
00520250120135123
007ta
008150407|2008||||xxc|||||     f|0| 0 fre d
020 |a978-0-660-63656-6
040 |aCaOODSP|bfre
041 |aeng
041 |afre
043 |an-cn---
0861 |aNM24-20/2008
1102 |aMusée canadien des civilisations.
24510|aMusée canadien des civilisations : |bphotographies / |cpar Malak ; avec hotographies additionnelles par Hans Blohm, Steven Darby, Harry Foster; introduction par Victor Rabinovitch.
250 |a7e éd. Réimprimé 2008
260 |aOttawa - Ontario : |bMusée canadien des civilisations |cc2008.
300 |a[103]p. : |bphotographies ; |c22 cm.
500 |a«Malak Karsh : 1915-2001»--Couverture.
563 |aCouverture souple
590 |a08-20|b2008-05-16
69107|aPatrimoine culturel|2gcpds
69107|aPhotographie|2gcpds
7201 |aKarsh, Malak
7760#|tThe Canadian Museum of Civilization / |w(CaOODSP)9.947137
791 |tThe Canadian Museum of Civilization : |eeng|w(CaOODSP)9.669693